000 00917nam a2200253 a 4500
001 000025177
005 20200930023617.0
008 110208s1967 ve b r 000 |aspa d
040 _aDO-SdBNP
_bspa
_cBNPHU
041 _afre
_hspa
_2Código de idioma MARC
082 _axxx
_bB578ó
100 1 _aBianco, Lucien
_951656
240 0 _aLes origines de la révolution chinoise ..
_lEspañol
245 1 4 _aLos orígenes de la revolución china :
_b1915-1949 /
_cLucien Bianco ; traducción Martín Sagrera.
260 _aCaracas :
_bTiempo Nuevo,
_c1967.
300 _a313 p. :
_bmaps ;
_c18 cm.
490 _aLibros de Bolsillo de Tiempo Nuevo
_v4
504 _aBibliografía : p. 303-313
500 _aIncluye notas
534 _aTítulo original :
_tLes origines de la révolution chinoise .
700 1 _aSagrera, Martín
_etr.
_920801
830 0 _aLibros de Bolsillo de Tiempo Nuevo ,
_v4
_94730
049 _aBNGR
999 _c24670
_d24670